000 00499nam a2200205Ia 4500
003 0100
008 130227s9999 xx 000 0 und d
040 _cARRUPELIB
050 _aPL8702.A7
100 _aAshton, Eric Ormerod
_922249
245 _aSwahili grammar
245 _bincluding intonation
250 _a2nd edition
260 _aLondon
260 _bLongmans Green
300 _axii
300 _b 398p 18cm
650 _aSwahili language
_xGrammar
_921432
942 _2lcc
_cMONOGRAPH
999 _c3215
_d3215